000 00693nam a22001817a 4500
999 _c372202
_d372202
008 201127b ||||| |||| 00| 0 eng d
040 _aDE-2950
_bger
_cDE-2950
_erda
041 _ager
245 _aGuter Start fürs neue Bürgergeld
_bSozialleistungen. Höhere Regelsätze, Weiterbildung von Leistungsminderung und ein Wohngeld-Moratorium sind gekommen/
_cir
264 _c2023
653 _aFrankfurt (Oder)
653 _aBürgergeld
773 _dFrankfurt (Oder) Märkisches Verlags- und Druckhaus GmbH & Co KG
_tMärkische Oderzeitung
_g34. Jahrgang (2023) Nr. 29 vom 03.02.2023, S.15: Mit Foto
942 _cA